| 000 | 00405nam a2200145 4500 | ||
|---|---|---|---|
| 999 |
_c508997 _d508997 |
||
| 008 | 190417b ||||| |||| 00| 0 eng d | ||
| 100 |
_aNair, Tara _94562 |
||
| 245 | _aMapping and measuring media ownership and control: a critical note | ||
| 260 | _c2018 | ||
| 300 | _ap.63-65. | ||
| 700 |
_aTaneja, Harsh _94563 |
||
| 773 | _aEconomic and Political Weekly | ||
| 906 | _aMass media | ||
| 942 |
_2ddc _cAR |
||